000 00779nam a2200229 a 4500
001 000035440
005 20240510073817.0
008 111031s19591962ag 000 0 spa d
040 _aDO-SdBNP
_bspa
_cBNPHU
082 _a100
_bH587t
100 1 _aHessen, Johannes
_b1889
_961274
240 1 0 _aLehrbuch der philosphie
_lespañol
245 1 0 _aTratado de filosofía /
_cJohannes Hessen ; traducción Lucía Piossek Prebisch.
260 _aBuenos Aires :
_bSudaméricana,
_c1959-1962.
300 _av. ;
_c21 cm.
490 1 _aBiblioteca de filosofía
500 _aLa biblioteca posee los volúmenes 2 y 3
650 0 _aFilosofía
_9813
700 1 2 _aPrebisch, Lucía Piossek
_961275
830 0 _aBiblioteca de filosofía
_960691
910 _aValidado. Control de calidad MFF
999 _c34931
_d34931